Enterprise resource planning systems : systems, life cycle, electronic commerce, and risk

Αποθηκεύτηκε σε:
Λεπτομέρειες βιβλιογραφικής εγγραφής
Κύριος συγγραφέας: O'Leary, Daniel Edmund
Μορφή: Βιβλίο
Γλώσσα:English
Δημοσίευση: Cambridge, UK. : Cambridge University Press, c2000
Θέματα:
Ετικέτες: Προσθήκη ετικέτας
Δεν υπάρχουν, Καταχωρήστε ετικέτα πρώτοι!

MARC

LEADER 00000nam a2200000 i 4500
001 1/17836
008 010302s2000 eng d
020 |a 0-521-79152-9 
035 |l 10066278 
040 |a GR-MY-UA  |b gre  |e aacr 
041 0 |a eng 
082 0 |a 658.84 
100 1 |a O'Leary, Daniel Edmund. 
245 1 0 |a Enterprise resource planning systems :  |b systems, life cycle, electronic commerce, and risk /  |c Daniel E. O'Leary 
260 |a Cambridge, UK. :   |b Cambridge University Press,   |c c2000 
300 |a vi, 232 p.;  |b ill.;  |c 24 cm. 
504 |a Includes bibliographical references and index 
650 0 0 |a Production management. 
650 0 0 |a Management information systems. 
650 0 0 |a Business planning. 
650 0 0 |a Electronic commerce. 
852 |a INST  |b SAMOS  |e 20010302  |h 658.84 OLE  |p 005300021691  |q 005300021691  |t BK  |y 0 
852 |a INST  |b SAMOS  |e 20010302  |h 658.84 OLE  |p 005300021692  |q 005300021692  |t BK  |y 0 
852 |a INST  |b SAMOS  |e 20010302  |h 658.84 OLE  |p 005300021693  |q 005300021693  |t BK  |y 0 
852 |a INST  |b SAMOS  |e 20010302  |h 658.84 OLE  |p 005300021694  |q 005300021694  |t BK  |y 23 
852 |a INST  |b SAMOS  |e 20010302  |h 658.84 OLE  |p 005300021695  |q 005300021695  |t BK  |y 0 
901 |a BIBL3-2001-1 
909 |a Σ  |b 085780 
909 |a Σ  |b 085781 
909 |a Σ  |b 085782 
909 |a Σ  |b 085783 
909 |a Σ  |b 085784 
922 |a 3ΕΛΗ  |b 200008  |c ΤΠΕΣ/ΠΟΛ2  |d LEADER 
970 |a ΠΟΥΡΝΑΡΑΣ  |b ΔΗΜΗΤΡΗΣ  |z 2001/03/02